000 00355nam a2200133Ia 4500
008 240624s9999 xx 000 0 und d
041 _aeng
082 _a823 CHA
100 _aCHALABI TAMARA
245 _aLATE FOR TEA AT THE DEER PALACE THE LOST
260 _c2011
_aNew Delhi
_bHarper Press
300 _axxxiii, : 414 : p. : cm. ; 20
365 _cRS
_b25
999 _c19939
_d19939